000 00730nam a2200253Ia 4500
005 20250425162734.0
008 250425s9999 xx 000 0 und d
020 _a0684851954
041 _aeng
082 _a658.421
100 _aDAUPHINAIS, WILLIAM
245 0 _aSTRAIGHT FROM THE CEO: THE WORLD'S TOP BUSENESS LEADERS REVEAL IDEAS THAT EVERY MANAGER CAN USE
250 _a1 ST ED
260 _aEstados Unidos
_bPRICEWATERHOUSECOOPERS
_c1998
260 _aNEW YORK
300 _a318
500 _aDONADO POR DR. GUILLERMO AROSEMENA
650 _aNEGOCIOS INTERNACIONALES
650 _aPLAN DE NEGOCIOS
650 _aSISTEMA DE ADMINISTRACION
710 _aPRICE WATERHOUSE
942 _c01
010 _a104376
999 _c235424
_d235424